Normal view
MARC view
- Neeharika adabala
Entry Personal Name
001 - CONTROL NUMBER
- control field: 5432
003 - CONTROL NUMBER IDENTIFIER
- control field: OSt
005 - DATE AND TIME OF LATEST TRANSACTION
- control field: 20230508115005.0
008 - FIXED-LENGTH DATA ELEMENTS
- fixed length control field: 230508|| aca||aabn | a|a d
040 ## - CATALOGING SOURCE
- Original cataloging agency: OSt
- Transcribing agency: OSt
100 ## - HEADING--PERSONAL NAME
- Personal name: Neeharika adabala
670 ## - SOURCE DATA FOUND
- Source citation: Work cat.: (OSt)17671: Rajaraman, V . 1362, Fundamentals of Computers / , 2022
